Incremento patrimonial no justificado (Registro nro. 14706)

Detalles MARC
000 -LEADER
fixed length control field 00319 a2200109 4500
001 - CONTROL NUMBER
control field ART_17959
005 - DATE AND TIME OF LATEST TRANSACTION
control field 20260410161656.0
008 - FIXED-LENGTH DATA ELEMENTS--GENERAL INFORMATION
fixed length control field 260409a
100 1# - MAIN ENTRY--PERSONAL NAME
Personal name Mecikovsky, Jaime L.
245 10 - TITLE STATEMENT
Title Incremento patrimonial no justificado
773 0# - HOST ITEM ENTRY
Title Práctica profesional
Related parts - Nº 117 (may. 2010)
Record control number REV542

No hay ítems disponibles.